Transmission-line theory
Сохранить в:
| Главный автор: | |
|---|---|
| Формат: | |
| Язык: | английский |
| Опубликовано: |
Nueva York
McGraw-Hill
1955
|
| Предметы: | |
| Метки: |
Добавить метку
Нет меток, Требуется 1-ая метка записи!
|
MARC
| LEADER | 00000nam a2200000 a 4500 | ||
|---|---|---|---|
| 001 | UCU5391 | ||
| 003 | CL-VaPUC | ||
| 008 | 960531e19550000US |||||||||||||||||eng|d | ||
| 082 | 0 | 4 | |a 621.319 |b KIN |2 21 |
| 100 | 0 | |a King, Ronold W |e author |9 363365 | |
| 245 | 1 | 0 | |a Transmission-line theory |
| 300 | |a 509 p | ||
| 942 | |c BK | ||
| 945 | |d 19960531 00:00:00 |a paguirre | ||
| 260 | |a Nueva York |b McGraw-Hill |c 1955 | ||
| 650 | 7 | |a TRANSPORTE DE ENERGIA ELECTRICA |2 CL-VaPUC |9 359786 | |
| 650 | 0 | |a Electromagnetismo |9 260123 | |
| 650 | 0 | |a Ecuaciones diferenciales |9 260083 | |
| 650 | 0 | |a Voltaje |9 362861 | |
| 650 | 0 | |a Conductores eléctricos |9 263132 | |
| 650 | 0 | |a Corrientes eléctricas |9 354960 | |
| 583 | |a last modification |c 19960531 00:00:00 |k Rodrigo Vera | ||
| 999 | |c 248768 |d 248766 | ||
| 952 | |0 0 |1 0 |4 0 |6 621_319000000000000_KIN_1955 |7 0 |8 A |9 265607 |a BIBING |b BIBING |d 2019-11-19 |i 1673068 |o 621.319 KIN 1955 |p 1673068 |r 2025-01-20 |w 2019-11-19 |y BK |k ING | ||